000 00730nam a22002297a 4500
003 OSt
005 20260425021540.0
008 260425b |||||||| |||| 00| 0 eng d
020 _a0-415-26301-8.
040 _aDWCL-Main lib
_cOC
082 _aCirc. 624.1834 B942 2006
100 _aBungey, John H.
245 _aTesting of concrete in structures/
_cBungey, John H.
260 _aLondon :
_bTaylor & Francis,
_cc2006.
300 _axii, 339 pages. :
_billustrations. ;
_c24 cm.
504 _aIncludes bibliographical references and index.
650 _a1. Concrete construction-Testing.
650 _a2. Concrete-Testing.
700 _aMillard, S. G.
700 _aGrantham, M. G.
942 _2ddc
_cBK-CIRC
_hCirc.
_n0
999 _c9888
_d9888